|
|
|
|
| LEADER |
00000nam0a2200000 4500 |
| 001 |
330615 |
| 005 |
20231102004258.0 |
| 035 |
|
|
|a (RuTPU)RU\TPU\book\356390
|
| 035 |
|
|
|a RU\TPU\book\356389
|
| 090 |
|
|
|a 330615
|
| 100 |
|
|
|a 20170407d1978 k y0rusy5003 ca
|
| 101 |
0 |
|
|a rus
|
| 102 |
|
|
|a RU
|
| 105 |
|
|
|a a z 101zy
|
| 200 |
1 |
|
|a Предельные состояния гидротехнических сооружений
|e сборник
|f Всесоюзный научно-исследовательский институт гидротехники им. Б. Е. Веденеева (ВНИИГ) ; под ред. Л. С. Соколова
|
| 210 |
|
|
|a Ленинград
|c Энергия
|d 1978
|
| 215 |
|
|
|a 168 с.
|c ил.
|
| 225 |
1 |
|
|a Материалы конференций и совещаний по гидротехнике
|v Вып. 119а
|
| 320 |
|
|
|a Библиография в конце статей
|
| 606 |
1 |
|
|a Гидротехнические сооружения
|x В целом
|2 stltpush
|3 (RuTPU)RU\TPU\subj\6818
|9 34609
|
| 606 |
1 |
|
|a Гидротехнические сооружения
|x Нагрузки динамические
|2 stltpush
|3 (RuTPU)RU\TPU\subj\6844
|9 34630
|
| 610 |
1 |
|
|a бетонные строительные конструкции
|
| 610 |
1 |
|
|a железобетонные сооружения
|
| 610 |
1 |
|
|a гидросооружения
|
| 610 |
1 |
|
|a расчеты
|
| 610 |
1 |
|
|a предельные состояния
|
| 610 |
1 |
|
|a совещания
|
| 675 |
|
|
|a 627.8.04(063)
|z rus
|v 4
|
| 702 |
|
1 |
|a Соколов
|b Л. С.
|4 340
|
| 712 |
0 |
2 |
|a Всесоюзный научно-исследовательский институт гидротехники им. Б. Е. Веденеева (ВНИИГ)
|2 stltpush
|3 (RuTPU)RU\TPU\col\11485
|
| 712 |
1 |
2 |
|a Предельные состояния гидротехнических сооружений
|b совещание
|d 3
|e Ленинград
|f 1976
|4 570
|
| 801 |
|
0 |
|a RU
|b RuMRKP
|c 19950704
|g psbo
|
| 801 |
|
1 |
|a RU
|b 63413507
|c 20141122
|
| 801 |
|
2 |
|a RU
|b 63413507
|c 20170426
|g RCR
|
| 942 |
|
|
|c BK
|